00285nam a2200109Ia 4500008004100000041000800041082001200049100001900061245004800080260002800128300001900156241028s9999 xx 000 0 und d aeng a382 JON aRonald W Jones aGlobalization And The Theory Of Input Trade bMit PressaLondonc2000 a177;. P. 22 cm